Catálogo sonográfico dos cantos e piados dos beija-flores do Brasil, 1. (Registro nro. 13053)

Detalles MARC
000 -CABECERA
Campo de control 004940000a22001690004500
090 ## - CLASIFICACIÓN LOCAL
Colección AR
Consecutivo 04020
041 0# - IDIOMA
Código de idioma para texto/pista de sonido o título separado
100 1# - ASIENTO PRINCIPAL--NOMBRE PERSONAL
Nombre personal Vielliard, Jacques M.
245 10 - MENCION DE TITULO
Título Catálogo sonográfico dos cantos e piados dos beija-flores do Brasil, 1.
500 ## - NOTA GENERAL
Nota general <Curso de Bioacústica>
650 14 - ASIENTO SECUNDARIO DE MATERIA - TERMINO TEMATICO
Término temático o nombre geográfico como elemento de entrada Bioacústica
650 14 - ASIENTO SECUNDARIO DE MATERIA - TERMINO TEMATICO
Término temático o nombre geográfico como elemento de entrada Aves
650 14 - ASIENTO SECUNDARIO DE MATERIA - TERMINO TEMATICO
Término temático o nombre geográfico como elemento de entrada Etología
651 #4 - ASIENTO SECUNDARIO DE MATERIA - NOMBRE GEOGRAFICO
-- Brasil
773 1# - Item fuente:
Título Boletim do Museu de Biologia
Descripción física 58
Paginas del Articulo 1-20
Lugar, editorial y fecha de publicación 1983
942 ## - ELEMENTOS ADICIONALES (KOHA)
Tipo de ítem Artículo
Existencias
Withdrawn status Lost status Damaged status No para préstamo Colección Ubicación Permanente Ubicación actual Fecha de adquisición Fuente de Valor Datos de publicación Seriada Total Checkouts Número topográfico Inventario / Código de Barras Date last seen Price effective from Forma de adquisición Tipo de material
      No para Préstamo Hemeroteca Bogotá Bogotá 27/02/2015 Curso de Bioacústica Fuera de circulación   AR 04020 017611 25/03/2015 25/03/2015   Artículo